|
|
|
|
| LEADER |
00000nam0a2200000 4500 |
| 001 |
336190 |
| 005 |
20231102004829.0 |
| 035 |
|
|
|a (RuTPU)RU\TPU\book\362606
|
| 090 |
|
|
|a 336190
|
| 100 |
|
|
|a 20171010d1952 k y0rusy50 ca
|
| 101 |
0 |
|
|a rus
|
| 102 |
|
|
|a RU
|
| 105 |
|
|
|a y dm 000zy
|
| 200 |
1 |
|
|a Адсорбция поверхностно-активных веществ и течение электрохимических реакций
|e автореферат диссертации на соискание ученой степени кандидата химических наук
|f А. П. Мартиросян
|g Академия наук СССР (АН СССР), Институт физической химии (ИФХ) ; науч. рук. А. Н. Фрумкин, Т. А. Крюкова
|
| 210 |
|
|
|a Москва
|c [Б. и.]
|d 1952
|
| 215 |
|
|
|a 10 с.
|
| 606 |
1 |
|
|a Адсорбция
|x (электрохимия)
|2 stltpush
|3 (RuTPU)RU\TPU\subj\76764
|9 87615
|
| 610 |
1 |
|
|a физическая химия
|
| 610 |
1 |
|
|a адсорбционные явления
|
| 610 |
1 |
|
|a кинетика
|
| 610 |
1 |
|
|a электродные процессы
|
| 610 |
1 |
|
|a поляризация
|
| 610 |
1 |
|
|a поверхностно-активные вещества
|
| 610 |
1 |
|
|a органические вещества
|
| 610 |
1 |
|
|a авторефераты диссертаций
|
| 610 |
1 |
|
|a библиотека А. Г. Стромберга
|
| 675 |
|
|
|a 544.63(04)
|v 4
|
| 700 |
|
1 |
|a Мартиросян
|b А. П.
|
| 702 |
|
1 |
|a Фрумкин
|b А. Н.
|c российский химик
|c академик АН СССР (1932)
|f 1895-1976
|g Александр Наумович
|2 stltpush
|3 (RuTPU)RU\TPU\pers\15076
|4 727
|9 5165
|
| 702 |
|
1 |
|a Крюкова
|b Т. А.
|4 727
|
| 712 |
0 |
2 |
|a Академия наук СССР (АН СССР)
|b Институт физической химии (ИФХ)
|c (Москва)
|c (1945-1991)
|2 stltpush
|3 (RuTPU)RU\TPU\col\11504
|
| 801 |
|
1 |
|a RU
|b 63413507
|c 20171010
|
| 801 |
|
2 |
|a RU
|b 63413507
|c 20180130
|g RCR
|
| 942 |
|
|
|c BK
|